| 000 -LEADER |
| fixed length control field |
01503cam a2200337 i 4500 |
| 001 - CONTROL NUMBER |
| control field |
17588344 |
| 005 - DATE AND TIME OF LATEST TRANSACTION |
| control field |
20230717120851.0 |
| 008 - FIXED-LENGTH DATA ELEMENTS--GENERAL INFORMATION |
| fixed length control field |
130111s2014 dcua b 001 0 eng |
| 010 ## - LIBRARY OF CONGRESS CONTROL NUMBER |
| LC control number |
2013000486 |
| 020 ## - INTERNATIONAL STANDARD BOOK NUMBER |
| International Standard Book Number |
9781433812552 (v. 2 : hardcover) |
| 020 ## - INTERNATIONAL STANDARD BOOK NUMBER |
| International Standard Book Number |
143381255 X (v. 2 : hardcover) |
| 040 ## - CATALOGING SOURCE |
| Original cataloging agency |
DLC |
| Language of cataloging |
eng |
| Transcribing agency |
DLC |
| Description conventions |
rda |
| Modifying agency |
DLC |
| 042 ## - AUTHENTICATION CODE |
| Authentication code |
pcc |
| 050 00 - LIBRARY OF CONGRESS CALL NUMBER |
| Classification number |
HM1271 |
| Item number |
.A63 2014 |
| 080 ## - UNIVERSAL DECIMAL CLASSIFICATION NUMBER |
| Universal Decimal Classification number |
159.9 A-66 |
| 245 00 - TITLE STATEMENT |
| Title |
APA handbook of multicultural psychology : v. 2. Applications and training. / |
| Statement of responsibility, etc. |
Frederick T. L. Leong, editor-in-chief, Lillian Comas-Díaz, Gordon C. Nagayama Hall, Vonnie C. McLoyd, Joseph E. Trimble, associate editors. |
| 246 30 - VARYING FORM OF TITLE |
| Title proper/short title |
Handbook of multicultural psychology |
| 246 30 - VARYING FORM OF TITLE |
| Title proper/short title |
Multicultural psychology |
| 250 ## - EDITION STATEMENT |
| Edition statement |
First edition. |
| 264 #1 - PRODUCTION, PUBLICATION, DISTRIBUTION, MANUFACTURE, AND COPYRIGHT NOTICE |
| Place of production, publication, distribution, manufacture |
Washington, DC : |
| Name of producer, publisher, distributor, manufacturer |
American Psychological Association, |
| Date of production, publication, distribution, manufacture, or copyright notice |
[2014] |
| 300 ## - PHYSICAL DESCRIPTION |
| Extent |
723 p.: |
| Other physical details |
illustrations; |
| Dimensions |
29 cm. |
| 490 0# - SERIES STATEMENT |
| Series statement |
APA handbooks in psychology |
| 504 ## - BIBLIOGRAPHY, ETC. NOTE |
| Bibliography, etc. note |
Includes bibliographical references and index. |
| 650 #0 - SUBJECT ADDED ENTRY--TOPICAL TERM |
| Topical term or geographic name entry element |
Multiculturalism. |
| 9 (RLIN) |
19375 |
| 650 #0 - SUBJECT ADDED ENTRY--TOPICAL TERM |
| Topical term or geographic name entry element |
Multiculturalism |
| General subdivision |
Psychological aspects. |
| 9 (RLIN) |
19371 |
| 653 ## - INDEX TERM--UNCONTROLLED |
| keyword |
მულტიკულტურული ფსიქოლოგიის სახელმძღვანელო |
| 700 1# - ADDED ENTRY--PERSONAL NAME |
| Personal name |
Leong, Frederick T. L., |
| Relator term |
editor.რედაქტორი |
| 9 (RLIN) |
19372 |
| 906 ## - LOCAL DATA ELEMENT F, LDF (RLIN) |
| a |
7 |
| b |
cbc |
| c |
orignew |
| d |
1 |
| e |
ecip |
| f |
20 |
| g |
y-gencatlg |
| 942 ## - ADDED ENTRY ELEMENTS (KOHA) |
| Source of classification or shelving scheme |
|
| Koha item type |
წიგნი |